ბათუმის შოთა რუსთაველის სახელმწიფო უნივერსიტეტის ბიბლიოთეკა

მამის კერასთან (ბიბ.ჩანაწერი № 43610)

000 -LEADER
fixed length control field 00898nam a2200217Ia 4500
001 - CONTROL NUMBER
control field 10345
003 - CONTROL NUMBER IDENTIFIER
control field GE_BSU
008 - FIXED-LENGTH DATA ELEMENTS--GENERAL INFORMATION
fixed length control field 181216s||||||||xx |||||||||||||| ||und||
040 ## - CATALOGING SOURCE
Transcribing agency GE_BSU
080 ## - UNIVERSAL DECIMAL CLASSIFICATION NUMBER
Universal Decimal Classification number 821.353.1–1+821.353.1-6
245 ## - TITLE STATEMENT
Title მამის კერასთან
245 ## - TITLE STATEMENT
Remainder of title რჩეული ლექსები და ფრონტული წერილები
245 ## - TITLE STATEMENT
Statement of responsibility, etc. წინასიტყვ.ს.ხუციშვილის.რედ.ჯ.ნიქაბაძე.მხატვ.ვ.გრიგოლია
260 ## - PUBLICATION, DISTRIBUTION, ETC.
Place of publication, distribution, etc. თბილისი
260 ## - PUBLICATION, DISTRIBUTION, ETC.
Name of publisher, distributor, etc. საბჭოთა საქართველო
260 ## - PUBLICATION, DISTRIBUTION, ETC.
Date of publication, distribution, etc. 1964
300 ## - PHYSICAL DESCRIPTION
Extent 124გვ.16სმ.
653 ## - INDEX TERM--UNCONTROLLED
Uncontrolled term მამის კერასთან
653 ## - INDEX TERM--UNCONTROLLED
Uncontrolled term რჩეული ლექსები და ფრონტული წერილები
942 ## - ADDED ENTRY ELEMENTS (KOHA)
Koha item type წიგნი
ეგზემპლარები
Withdrawn status Lost status Damaged status Not for loan Date acquired Barcode Date last seen Price effective from Koha item type
        2018-12-17 33995 2018-12-17 2018-12-17 წიგნი